Countries You Can Get With The Least Characters - Statistics

General Stats
  • This quiz has been taken 36 times
    18 since last reset
  • The average score is 7 of 13
Answer Stats
Answer % Correct
United Kingdom
94%
United States
88%
Dominican Republic
75%
United Arab Emirates
63%
Papua New Guinea
56%
Democratic Republic Of The Congo
50%
New Zealand
50%
China
44%
Federated States of Micronesia
44%
Central African Republic
38%
Taiwan
38%
South Korea
25%
Saudi Arabia
6%
No matching quizzes found
Score Distribution
Percent of People with Each Score
Percentile by Number Answered
Your Score History
You have not taken this quiz since the last reset